000 00634nam a2200205 a 4500
001 000016741
003 OSt
005 20201202102410.0
008 100310s1978 dr a 000 0 spa d
040 _aDO-SdBNP
_bspa
_cBNPHU
049 _aBNPD
082 _bP426s
100 1 _aPeralta Michel, José
_937113
245 1 0 _aSeguro de vida una profesión para hombres de acción /
_cJosé Peralta Michel.
260 _aSanto Domingo :
_bEditora Nuevo Mundo,
_c1978.
300 _a208 p. :
_bil. ;
_c22 cm.
500 _aIncluye datos biográficos del autor en la contraportada
590 _aInventariado, 2020 /LP
942 _2ddc
_cLBS1
999 _c16273
_d16273